| 000 | 00970cam a2200253 4500 | ||
|---|---|---|---|
| 008 | 011127n2002 000 0 eng u | ||
| 020 | _a1842190822 | ||
| 035 | _a(Sirsi) u115743 | ||
| 041 | _aeng | ||
| 050 |
_a693.97 _c18 |
||
| 110 |
_aRoyal Institution of Chartered Surveyors _94900 |
||
| 245 | 4 |
_aThe 'mundic' problem _bsupplement to second edition _bstage 3 expansion testing |
|
| 260 |
_aLondon _bRICS Business Services Ltd _c2002 |
||
| 300 |
_a17p. _bill. _c30cm. |
||
| 490 | _aRICS Guidance Note | ||
| 520 | _aSupplement to "The mundic problem : a guidance note" (ISBN 0854068082). Superseded by second edition (ISBN 1842192213), | ||
| 650 | _aBUILT ENVIRONMENT-BUILDING PATHOLOGY | ||
| 650 | _aCONCRETE | ||
| 650 | _aMUNDIC CONCRETE | ||
| 650 | _aMOISTURE | ||
| 690 | _aBUILT ENVIRONMENT-BUILDING PATHOLOGY | ||
| 856 | 4 | 0 |
_uhttps://www.rics.org/Global/Downloads/mundic_adendum_1_.pdf _zView the addendum free of charge at www.rics.org... |
| 942 | _n0 | ||
| 999 |
_c101787 _d101787 |
||